| 000 | 00701nam a22001815i 4500 | ||
|---|---|---|---|
| 001 | 171652 | ||
| 003 | ES-MaACL | ||
| 005 | 20230906214705.0 | ||
| 008 | 090525s1973 sp |||| | spa d | ||
| 080 | _a334(100)(091) | ||
| 100 | 1 |
_aSoldevilla y Villar, Antonio D. _9140312 |
|
| 245 | 1 | 3 |
_aEl movimiento cooperativista mundial _b: (sus orígenes, desarrollo y problemática actual) / _cAntonio D. Soldevilla y Villar ; prólogo de José Luis del Arco Alvarez. |
| 260 |
_aValladolid : _bAntonio D. Soldevilla y Villar, _c1973. |
||
| 300 |
_aXXVII, 325 p. ; _c25 cm. |
||
| 650 | 1 | 4 |
_aCooperativismo. _911357 |
| 700 | 1 |
_aArco Álvarez, José Luis del. _922505 |
|
| 852 |
_aES-MaACL _jC-52311 _9R.85800 |
||
| 999 |
_c171652 _d171652 |
||